The Alien and Sedition laws, and Virginia and Kentucky resolutions : Published by order of the legislature of Massachusetts.

Bibliographic Details
Corporate Authors: United States, Massachusetts. General Court, Virginia. General Assembly, Kentucky. General Assembly
Format: eBook
Language:English
Series:Early American imprints. Evans (1639-1800) ; no. 34711.
Subjects:
Online Access:Evans Digital Edition

MARC

Tag First Indicator Second Indicator Subfields
LEADER 00000cam a2200000 a 4500
001 in00002149727
006 m e d #
007 cr mn mmmmabba
008 810710s1798 mau s f000 0 eng d
005 20260331143024.0
035 |z w035695 
035 |a MAAR8107101504B 
035 |9 mwa91-27380 
035 |a 346650 
035 |a aas03035695 
040 |a MWA  |c MWA  |e bdrb  |d UtOrBLW 
110 1 |a United States. 
240 1 0 |a Alien act 
245 1 4 |a The Alien and Sedition laws, and Virginia and Kentucky resolutions :  |b Published by order of the legislature of Massachusetts. 
264 3 |a [Boston] :  |b Printed by Young & Minns, printers to the state,  |c [1798] 
300 |a 1 sheet (2 unnumbered pages) ;  |c 46 x 29 cm. 
336 |a text  |b txt  |2 rdacontent 
337 |a computer  |b c  |2 rdamedia 
338 |a online resource  |b cr  |2 rdacarrier 
500 |a Imprint from colophon. 
500 |a Text in three columns. 
510 4 |a Evans  |c 34711 
510 4 |a Ford, W.C. Broadsides,  |c 2850 
530 |a Microform version available in the Readex Early American Imprints series. 
533 |a Electronic text and image data.  |b [Chester, Vt. :  |c Readex, a division of Newsbank, Inc.,  |d 2002-2004.  |e Includes files in TIFF, GIF and PDF formats with inclusion of keyword searchable text.  |f (Early American imprints. First series ; no. 34711). 
500 |a Electronic resource. 
650 0 |a Alien and Sedition laws, 1798. 
650 0 |a Kentucky and Virginia resolutions of 1798. 
710 1 |a Massachusetts.  |b General Court. 
710 1 |a United States.  |t Sedition act. 
710 1 |a Virginia.  |b General Assembly.  |t Virginia resolutions. 
710 1 |a Kentucky.  |b General Assembly.  |t Kentucky resolutions. 
752 |a United States  |b Massachusetts  |d Boston. 
830 0 |a Early American imprints.  |n Series I,  |p Evans (1639-1800) ;  |v no. 34711. 
856 4 1 |u http://proxy.library.tamu.edu/login?url=https://opac.newsbank.com/select/evans/34711  |y Evans Digital Edition  |t 0 
999 |a MARS 
999 f f |s fd400d55-bcda-3c00-b355-b7a53f59556f  |i 549145e1-9cfe-3909-a2c3-5b0615bcc7a2  |t 0 
952 f f |a Texas A&M University  |b College Station  |c Electronic Resources  |s www_evans  |d Available Online  |t 0  |h No information provided 
998 f f |t 0  |l Available Online